[Event "RUS-ch Blitz Men 2018"]
[Site "Sochi"]
[Date "2018.10.07"]
[Round "12"]
[White "Dubov, Daniil"]
[Black "Rakhmanov, Aleksandr"]
[Result "1-0"]
[WhiteElo "2703"]
[BlackElo "2634"]
[Annotator "TA"]
[PlyCount "149"]
[EventDate "2018.10.07"]
[EventType "swiss"]
[EventCountry "RUS"]
[SourceTitle "playchess.com"]
[Source "ChessBase"]
[SourceQuality "1"]

1. Nf3 Nf6 2. g3 g6 3. b3 Bg7 4. Bb2 O-O 5. Bg2 d5 6. c4 c6 7. O-O Bg4 8. d3 e6 9. Nbd2 Bxf3 10. Nxf3 Nbd7 11. Qc2 Ne8 12. d4 Nd6 13. e3 Ne4 14. Ne1 f5 15. Nd3 Rf7 16. Rae1 a6 17. f3 Nef6 18. e4 dxe4 19. fxe4 Qb6 20. e5 Ng4 21. h3 Nh6 22. Kh2 Re8 23. d5 Nf8 24. Nf4 Rc7 25. Qe2 Nf7 26. d6 Rcc8 27. g4 Nd7 28. gxf5 gxf5 29. Nd3 Nh8 30. Bf3 Ng6 31. Bh5 Ndf8 32. Bxg6 hxg6 33. Rg1 Qd8 34. Bc1 Qh4 35. Nf4 Kf7 36. Qg2 Qh7 37. Re3 Bh6 38. Rg3 Bxf4 39. Bxf4 Red8 40. Bg5 Rd7 41. Bf6 Ke8 42. c5 Rf7 43. Rf3 Kd7 44. Rf4 Qg8 45. Rb4 Rb8 46. Qd2 Nh7 47. Be7 g5 48. Rd4 g4 49. Qa5 Qc8 50. Qc7+ Qxc7 51. dxc7+ Kxc7 52. Bd6+ Kc8 53. Bxb8 Kxb8 54. hxg4 Ng5 55. Rf1 Rh7+ 56. Kg3 fxg4 57. Rxg4 Nf7 58. Re4 Rg7+ 59. Kf2 Ng5 60. Re3 Rd7 61. Ke2 Nf7 62. Rf6 Re7 63. Kd3 Rd7+ 64. Ke4 a5 65. Kf4 Re7 66. Rd3 Kc7 67. Rd6 Nd8 68. Kg5 Rg7+ 69. Kf4 Re7 70. Rf8 Nf7 71. a3 b5 72. b4 axb4 73. axb4 Nh6 74. Rf6 Nf7 75. Rdxe6 1-0

[Event "RUS-ch Blitz Men 2018"]
[Site "Sochi"]
[Date "2018.10.07"]
[Round "12"]
[White "Matlakov, Maxim"]
[Black "Chigaev, Maksim"]
[Result "1/2-1/2"]
[WhiteElo "2683"]
[BlackElo "2599"]
[Annotator "TA"]
[PlyCount "74"]
[EventDate "2018.10.07"]
[EventType "swiss"]
[EventCountry "RUS"]
[SourceTitle "playchess.com"]
[Source "ChessBase"]
[SourceQuality "1"]

1. d4 Nf6 2. Bf4 g6 3. Nc3 Bg7 4. e4 d6 5. Qd2 O-O 6. Bh6 Bxh6 7. Qxh6 e5 8. O-O-O exd4 9. Rxd4 Nc6 10. Rd1 Be6 11. h4 Ng4 12. Qd2 Qf6 13. f3 Nge5 14. f4 Nc4 15. Bxc4 Bxc4 16. h5 a5 17. Nf3 a4 18. Kb1 Qg7 19. Rh4 b5 20. Rdh1 b4 21. Nd5 Bxd5 22. exd5 a3 23. Qc1 axb2 24. Qxb2 Qxb2+ 25. Kxb2 Ne7 26. hxg6 hxg6 27. Ng5 Kg7 28. Rh7+ Kf6 29. g4 Nxd5 30. Re1 Nxf4 31. Ne4+ Ke5 32. Nc3+ Kf6 33. Ne4+ Ke5 34. Nc3+ Kf6 35. Ne4+ Ke5 36. Nc3+ Kf6 37. Ne4+ Ke5 1/2-1/2

[Event "RUS-ch Blitz Men 2018"]
[Site "Sochi"]
[Date "2018.10.07"]
[Round "12"]
[White "Sjugirov, Sanan"]
[Black "Triapishko, Alexandr"]
[Result "1-0"]
[WhiteElo "2654"]
[BlackElo "2508"]
[Annotator "TA"]
[PlyCount "104"]
[EventDate "2018.10.07"]
[EventType "swiss"]
[EventCountry "RUS"]
[SourceTitle "playchess.com"]
[Source "ChessBase"]
[SourceQuality "1"]

1. e4 c6 2. d4 d5 3. Nc3 dxe4 4. Nxe4 Bf5 5. Ng3 Bg6 6. Nf3 e6 7. Bd3 Nf6 8. O-O Nbd7 9. c4 Bd6 10. Bg5 Bxd3 11. Qxd3 O-O 12. Rad1 Qa5 13. a3 b5 14. c5 Bc7 15. Rfe1 Qa4 16. b3 Qa6 17. Ne4 Nxe4 18. Qxe4 h6 19. Bc1 Nf6 20. Qh4 Nh7 21. Bxh6 gxh6 22. Qxh6 Bd8 23. Re5 f6 24. Rxe6 Qb7 25. Rde1 Qg7 26. Qxg7+ Kxg7 27. Rxc6 Kf7 28. d5 Re8 29. Rxe8 Kxe8 30. Re6+ Kf7 31. Nd4 Nf8 32. Re3 Nd7 33. c6 Bb6 34. Rh3 Ne5 35. Nxb5 Ng4 36. Nd6+ Kg6 37. Kf1 Rd8 38. Rg3 f5 39. Nc4 Bxf2 40. Rd3 Bc5 41. c7 Re8 42. Rg3 Kf6 43. Rh3 Bf2 44. g3 Re1+ 45. Kg2 Re8 46. Nd6 Rf8 47. c8=Q Rxc8 48. Nxc8 Bc5 49. d6 Ke6 50. Rh7 Ne3+ 51. Kf3 Nc2 52. d7 Kd5 1-0

[Event "RUS-ch Blitz Men 2018"]
[Site "Sochi"]
[Date "2018.10.07"]
[Round "12"]
[White "Sarana, Alexey"]
[Black "Demchenko, Anton"]
[Result "1/2-1/2"]
[WhiteElo "2641"]
[BlackElo "2679"]
[Annotator "TA"]
[PlyCount "104"]
[EventDate "2018.10.07"]
[EventType "swiss"]
[EventCountry "RUS"]
[SourceTitle "playchess.com"]
[Source "ChessBase"]
[SourceQuality "1"]

1. d4 Nf6 2. Bg5 g6 3. Bxf6 exf6 4. c4 d5 5. e3 dxc4 6. Bxc4 Bd6 7. Nf3 c6 8. Nc3 Nd7 9. O-O O-O 10. e4 Nb6 11. Bb3 Bg4 12. h3 Bxf3 13. Qxf3 Kg7 14. Rad1 Qe7 15. Rfe1 Rad8 16. Qe3 Rfe8 17. Kh1 Rd7 18. f4 c5 19. dxc5 Bxc5 20. Rxd7 Nxd7 21. Qf3 Nb6 22. e5 fxe5 23. Rxe5 Qf8 24. Qxb7 Rxe5 25. fxe5 Qe7 26. Qxe7 Bxe7 27. Nb5 a5 28. Nd6 a4 29. Bc2 Kf8 30. g4 f6 31. Bd3 fxe5 32. Nc4 Nxc4 33. Bxc4 Bc5 34. Bb5 Bd4 35. Bxa4 Bxb2 36. Kg2 Ba3 37. Kf3 Ke7 38. Ke4 Kd6 39. g5 Bc1 40. h4 h6 41. gxh6 Bxh6 42. Be8 g5 43. h5 g4 44. Bb5 g3 45. Bf1 Bf4 46. a4 Bd2 47. Kf5 Ke7 48. Kxe5 Kf7 49. Kf5 Kg7 50. Kg4 Kh6 51. Bg2 Be1 52. Bf3 Bd2 1/2-1/2

[Event "RUS-ch Blitz Men 2018"]
[Site "Sochi"]
[Date "2018.10.07"]
[Round "12"]
[White "Paravyan, David"]
[Black "Esipenko, Andrey"]
[Result "1/2-1/2"]
[WhiteElo "2629"]
[BlackElo "2609"]
[Annotator "TA"]
[PlyCount "88"]
[EventDate "2018.10.07"]
[EventType "swiss"]
[EventCountry "RUS"]
[SourceTitle "playchess.com"]
[Source "ChessBase"]
[SourceQuality "1"]

1. e4 c6 2. Nc3 d5 3. Nf3 Bg4 4. h3 Bxf3 5. Qxf3 e6 6. Be2 Nd7 7. O-O g6 8. d4 Bg7 9. Qd3 Ne7 10. Bg5 O-O 11. Rad1 Re8 12. Rfe1 Qb6 13. Bf1 Nf6 14. b3 Nxe4 15. Nxe4 dxe4 16. Qxe4 Nd5 17. Qf3 Qa5 18. c4 Ne7 19. Bxe7 Rxe7 20. d5 cxd5 21. cxd5 Rf8 22. Bc4 b5 23. Bf1 a6 24. Qg4 Qb6 25. Qg5 Rd7 26. Rd3 Bd4 27. Red1 Rxd5 28. Qf4 Rfd8 29. Kh1 Bxf2 30. Rxd5 exd5 31. Be2 Be3 32. Qh4 Kg7 33. Bd3 d4 34. Rf1 Qd6 35. Qg4 Rd7 36. Qf3 Rc7 37. Be4 Qe5 38. Bd3 Qe7 39. Be4 Rc3 40. Rd1 Bg5 41. Bd3 Qe3 42. Qf1 Bf4 43. Qf3 Rxd3 44. Rxd3 Qe1+ 1/2-1/2

[Event "RUS-ch Blitz Men 2018"]
[Site "Sochi"]
[Date "2018.10.07"]
[Round "12"]
[White "Ponkratov, Pavel"]
[Black "Vastrukhin, Oleg"]
[Result "1-0"]
[WhiteElo "2628"]
[BlackElo "2413"]
[Annotator "TA"]
[PlyCount "130"]
[EventDate "2018.10.07"]
[EventType "swiss"]
[EventCountry "RUS"]
[SourceTitle "playchess.com"]
[Source "ChessBase"]
[SourceQuality "1"]

1. e4 e6 2. d4 d5 3. exd5 exd5 4. Nf3 Nc6 5. c3 Bd6 6. Bd3 Nge7 7. h3 Bf5 8. O-O O-O 9. Bxf5 Nxf5 10. Qb3 Rb8 11. Bg5 Qd7 12. Na3 Bxa3 13. Qxa3 Nd6 14. Bf4 Ne4 15. Ne5 Nxe5 16. dxe5 Qf5 17. Bh2 a6 18. Rad1 c6 19. f3 Ng5 20. Qa4 Rbe8 21. Qb4 b5 22. Qg4 Qxg4 23. hxg4 f6 24. Rfe1 Kf7 25. exf6 gxf6 26. Kf2 Ne6 27. Bd6 Rh8 28. Rh1 Rd8 29. Bg3 c5 30. Rh6 Kg7 31. Rh5 d4 32. cxd4 cxd4 33. Ke2 Rd7 34. Kd2 Rc8 35. Re1 Rc6 36. Reh1 Kg8 37. Rh6 d3 38. Rc1 Rxc1 39. Kxc1 Kg7 40. Rh5 Kg6 41. Kd2 Rd8 42. Rh1 Rd7 43. Re1 Nc5 44. Re3 a5 45. Re8 b4 46. Bf2 Na4 47. b3 Nc3 48. Re1 Nxa2 49. Re3 Rd5 50. Rxd3 Re5 51. Bd4 Re6 52. Bb2 Rc6 53. f4 Rb6 54. Rd5 Ra6 55. g5 fxg5 56. Rxg5+ Kf7 57. Rg7+ Ke6 58. Rxh7 Kf5 59. Rf7+ Kg4 60. Ke3 a4 61. Rg7+ Kh5 62. bxa4 Rxa4 63. g4+ Kh4 64. g5 Nc3 65. Kf3 Kh5 1-0

[Event "RUS-ch Blitz Men 2018"]
[Site "Sochi"]
[Date "2018.10.07"]
[Round "12"]
[White "Gordievsky, Dmitry"]
[Black "Romanov, Evgeny"]
[Result "1-0"]
[WhiteElo "2615"]
[BlackElo "2614"]
[Annotator "ChessBase"]
[PlyCount "103"]
[EventDate "2018.10.07"]
[EventType "swiss"]
[EventCountry "RUS"]
[SourceTitle "playchess.com"]
[Source "ChessBase"]
[SourceQuality "1"]

1. Nf3 d5 2. e3 c5 3. c4 Nf6 4. cxd5 Nxd5 5. Nc3 e6 6. Nxd5 Qxd5 7. b3 Be7 8. Bb2 O-O 9. Bc4 Qd8 10. d4 Bf6 11. O-O b6 12. Qe2 cxd4 13. Nxd4 Bb7 14. Rfd1 Qe7 15. a4 Nd7 16. Nb5 Bxb2 17. Qxb2 Nf6 18. Qe5 Rfd8 19. f3 Ne8 20. Rd4 a6 21. Nc3 Nd6 22. Rad1 Nf5 23. R4d2 Rxd2 24. Rxd2 g6 25. e4 Ng7 26. Qd6 Qg5 27. Kf2 h5 28. g3 Qa5 29. Ne2 Rc8 30. Qd4 Qc5 31. Qxc5 Rxc5 32. Rd7 Bc8 33. Rd8+ Kh7 34. Nd4 e5 35. Ne2 Be6 36. Bxe6 Nxe6 37. Rd6 Rc2 38. Ke3 b5 39. axb5 axb5 40. Rd5 Nc7 41. Rxe5 Rb2 42. Nd4 Kg7 43. Rc5 Na6 44. Rxb5 Rxh2 45. Rb7 Nc5 46. Rc7 Na6 47. Rc4 Rg2 48. Kf4 Rb2 49. e5 Nb8 50. Rc7 Na6 51. Ra7 Nc5 52. e6 1-0

[Event "RUS-ch Blitz Men 2018"]
[Site "Sochi"]
[Date "2018.10.07"]
[Round "12"]
[White "Kryakvin, Dmitry"]
[Black "Rozum, Ivan"]
[Result "1/2-1/2"]
[WhiteElo "2595"]
[BlackElo "2573"]
[Annotator "ChessBase"]
[PlyCount "88"]
[EventDate "2018.10.07"]
[EventType "swiss"]
[EventCountry "RUS"]
[SourceTitle "playchess.com"]
[Source "ChessBase"]
[SourceQuality "1"]

1. d4 Nf6 2. Bg5 e6 3. e4 h6 4. Bxf6 Qxf6 5. c3 d6 6. Bc4 Qg6 7. Qf3 Nd7 8. Ne2 Nf6 9. Ng3 Be7 10. Nd2 O-O 11. O-O Bd7 12. Bd3 Qg5 13. Qe2 Qf4 14. Rfe1 Rae8 15. e5 Nd5 16. Nf3 Bc6 17. Ne4 f5 18. exf6 Nxf6 19. Nfd2 Nxe4 20. Bxe4 Bxe4 21. Nxe4 d5 22. Nd2 Bd6 23. Nf3 g5 24. h3 Rf5 25. Rad1 g4 26. hxg4 Qxg4 27. Rd3 Ref8 28. Ne5 Qxe2 29. Rxe2 Bxe5 30. dxe5 c5 31. g3 Rf3 32. Rxf3 Rxf3 33. Kg2 Rd3 34. f4 h5 35. Kh3 Kg7 36. Kh4 Kg6 37. g4 hxg4 38. Kxg4 Rd1 39. Rg2 Rf1 40. Rh2 Rg1+ 41. Kf3 Rf1+ 42. Kg4 Rg1+ 43. Kf3 Rf1+ 44. Kg4 Rg1+ 1/2-1/2

[Event "RUS-ch Blitz Men 2018"]
[Site "Sochi"]
[Date "2018.10.07"]
[Round "12"]
[White "Maletin, Pavel"]
[Black "Shcherbakov, Ruslan"]
[Result "1/2-1/2"]
[WhiteElo "2586"]
[BlackElo "2516"]
[Annotator "ChessBase"]
[PlyCount "127"]
[EventDate "2018.10.07"]
[EventType "swiss"]
[EventCountry "RUS"]
[SourceTitle "playchess.com"]
[Source "ChessBase"]
[SourceQuality "1"]

1. c4 c5 2. Nf3 g6 3. d4 cxd4 4. Nxd4 Nc6 5. e4 Nf6 6. Nc3 d6 7. f3 Bg7 8. Be3 O-O 9. Be2 Nh5 10. O-O Nf4 11. Kh1 Nxd4 12. Bxd4 Bxd4 13. Qxd4 Qa5 14. Qe3 Qe5 15. Rfd1 Be6 16. Bf1 g5 17. Rac1 Rfc8 18. b3 h6 19. g3 Ng6 20. Bg2 Qc5 21. Qd2 Kh7 22. Rf1 Rab8 23. Na4 Qa3 24. f4 gxf4 25. gxf4 Nh4 26. f5 Bd7 27. Nc3 Nxg2 28. Qxg2 Rg8 29. Qd2 Bc6 30. Nd5 Rg7 31. Rf3 Bxd5 32. exd5 Rbg8 33. Re1 Qc5 34. Qe3 f6 35. Qxc5 dxc5 36. Rfe3 Re8 37. d6 Rd8 38. dxe7 Re8 39. Re6 Kg8 40. Rxf6 Rexe7 41. Rxe7 Rxe7 42. Rxh6 Re2 43. Re6 Rxa2 44. Re7 b6 45. Kg1 Kf8 46. f6 Rb2 47. h4 Rxb3 48. Kg2 Rc3 49. h5 Rxc4 50. Kg3 Rc1 51. Rxa7 Rh1 52. Kg4 c4 53. Rc7 b5 54. Kg5 Rg1+ 55. Kf5 Rf1+ 56. Ke6 Re1+ 57. Kf5 Rf1+ 58. Kg6 Rg1+ 59. Kf5 Rf1+ 60. Ke5 Re1+ 61. Kd5 Rd1+ 62. Ke4 Re1+ 63. Kf5 Rf1+ 64. Ke4 1/2-1/2

[Event "RUS-ch Blitz Men 2018"]
[Site "Sochi"]
[Date "2018.10.07"]
[Round "12"]
[White "Timofeev, Artyom"]
[Black "Hasangatin, Ramil"]
[Result "1-0"]
[WhiteElo "2580"]
[BlackElo "2485"]
[Annotator "TA"]
[PlyCount "77"]
[EventDate "2018.10.07"]
[EventType "swiss"]
[EventCountry "RUS"]
[SourceTitle "playchess.com"]
[Source "ChessBase"]
[SourceQuality "1"]

1. c4 e5 2. Nc3 Bb4 3. Nd5 Be7 4. d4 d6 5. e3 Nf6 6. Nxe7 Qxe7 7. Nf3 Bg4 8. h3 Bh5 9. Be2 O-O 10. b3 e4 11. Nd2 Bxe2 12. Qxe2 c6 13. Ba3 Nbd7 14. O-O Rfe8 15. Rfd1 Nf8 16. Nf1 Ng6 17. Ng3 Nh4 18. d5 c5 19. Bb2 Nd7 20. Qg4 g6 21. Qf4 f5 22. Qh6 Rad8 23. Ne2 Ne5 24. Nf4 Rd7 25. Ne6 Rc8 26. Kh1 b6 27. Ng5 Nd3 28. Rxd3 exd3 29. Qxh4 Re8 30. Rd1 b5 31. cxb5 Rb7 32. Rxd3 Rxb5 33. e4 c4 34. Re3 f4 35. Qxf4 Rf8 36. Qg3 cxb3 37. axb3 a5 38. Ne6 a4 39. Nxf8 1-0

[Event "RUS-ch Blitz Men 2018"]
[Site "Sochi"]
[Date "2018.10.07"]
[Round "12"]
[White "Pridorozhni, Aleksei"]
[Black "Moiseenko, Vadim"]
[Result "1/2-1/2"]
[WhiteElo "2574"]
[BlackElo "2492"]
[Annotator "ChessBase"]
[PlyCount "170"]
[EventDate "2018.10.07"]
[EventType "swiss"]
[EventCountry "RUS"]
[SourceTitle "playchess.com"]
[Source "ChessBase"]
[SourceQuality "1"]

1. e4 e5 2. f4 d5 3. exd5 exf4 4. Nf3 Nf6 5. Bc4 Be7 6. O-O O-O 7. d4 Nbd7 8. Bb3 Nb6 9. c4 a5 10. a3 c6 11. d6 Bxd6 12. c5 Nbd5 13. cxd6 Bg4 14. Nc3 Qxd6 15. Nxd5 cxd5 16. Qd2 Bxf3 17. Rxf3 g5 18. h4 h6 19. Qd3 Kg7 20. Qf5 Qe6 21. Qxe6 fxe6 22. Bc2 Rac8 23. Bd3 Ne4 24. Rf1 b6 25. Re1 Kf6 26. b4 Rc3 27. Bxe4 dxe4 28. bxa5 bxa5 29. Rxe4 Rc2 30. a4 Kf5 31. Re5+ Kg4 32. hxg5 hxg5 33. d5 exd5 34. Rxd5 Re8 35. Bd2 Re2 36. Rd1 Ra2 37. Rd4 Kg3 38. Rd3+ Kg4 39. Kf1 Re4 40. Bxa5 Raxa4 41. Be1 Ra2 42. R3d2 Raa4 43. Bf2 Ra3 44. Kg1 Rb3 45. Rf1 Ra3 46. Bc5 Rc3 47. Bb6 Rb3 48. Bd8 Re5 49. Rfd1 Rbb5 50. Rd3 Rbc5 51. Kf2 Rc2+ 52. R1d2 Rcc5 53. Bb6 Rb5 54. Bd4 Rf5 55. Bc3 Rfc5 56. Bd4 Rf5 57. Rc2 Rfd5 58. Rdd2 Rf5 59. Bg7 Rb7 60. Bb2 Rbb5 61. Rd3 Ra5 62. Bc1 Rab5 63. Rc4 Kh5 64. Kf3 Rb1 65. Rd8 Rb3+ 66. Kf2 Kg4 67. Rd2 Re5 68. Rdc2 Rd5 69. R2c3 Rxc3 70. Rxc3 Re5 71. Bd2 Rd5 72. Be1 Re5 73. Ra3 Rb5 74. Bc3 Rc5 75. Bf6 Rc6 76. Bd4 Rc2+ 77. Kg1 Rc1+ 78. Kh2 Rc2 79. Bb6 Rb2 80. Bd8 Rd2 81. Bf6 Kf5 82. Bc3 Rc2 83. Bd4 Kg4 84. Rc3 Rxc3 85. Bxc3 f3 1/2-1/2

[Event "RUS-ch Blitz Men 2018"]
[Site "Sochi"]
[Date "2018.10.07"]
[Round "12"]
[White "Bocharov, Ivan"]
[Black "Inozemtsev, Sergei"]
[Result "1-0"]
[WhiteElo "2563"]
[BlackElo "2310"]
[Annotator "ChessBase"]
[PlyCount "81"]
[EventDate "2018.10.07"]
[EventType "swiss"]
[EventCountry "RUS"]
[SourceTitle "playchess.com"]
[Source "ChessBase"]
[SourceQuality "1"]

1. e4 e6 2. d4 d5 3. Nd2 Nf6 4. e5 Nfd7 5. Bd3 c5 6. c3 Nc6 7. Ne2 cxd4 8. cxd4 f6 9. exf6 Qxf6 10. Nf3 h6 11. Qc2 Bd6 12. Bg6+ Ke7 13. O-O Nf8 14. Bh5 Qf5 15. Qxf5 exf5 16. Ne1 Be6 17. Nd3 Rd8 18. Re1 Kf6 19. Bf4 Bf7 20. Bxf7 Kxf7 21. Bxd6 Rxd6 22. Ne5+ Nxe5 23. dxe5 Rb6 24. Nd4 Ne6 25. Nxf5 Rxb2 26. Rab1 Rxb1 27. Rxb1 b6 28. g3 Nc5 29. f4 g5 30. Kf2 gxf4 31. gxf4 d4 32. Nxd4 Rd8 33. Ke3 Rg8 34. Kf3 Rd8 35. Rd1 h5 36. Ke3 h4 37. Rg1 Na4 38. f5 Rd5 39. e6+ Kf6 40. Rg6+ Ke5 41. e7 1-0

[Event "RUS-ch Blitz Men 2018"]
[Site "Sochi"]
[Date "2018.10.07"]
[Round "12"]
[White "Panarin, Mikhail"]
[Black "Riazantsev, Alexander"]
[Result "1/2-1/2"]
[WhiteElo "2562"]
[BlackElo "2649"]
[Annotator "TA"]
[PlyCount "69"]
[EventDate "2018.10.07"]
[EventType "swiss"]
[EventCountry "RUS"]
[SourceTitle "playchess.com"]
[Source "ChessBase"]
[SourceQuality "1"]

1. e4 c6 2. d4 d5 3. Nd2 dxe4 4. Nxe4 Bf5 5. Ng3 Bg6 6. h4 h6 7. Nf3 e6 8. h5 Bh7 9. Bd3 Bxd3 10. Qxd3 Nf6 11. Bd2 c5 12. Ne4 Nc6 13. Bc3 cxd4 14. Nxd4 Nb4 15. Nxf6+ gxf6 16. Qb5+ Qd7 17. Bxb4 Qxb5 18. Nxb5 Bxb4+ 19. c3 Ba5 20. Nd6+ Ke7 21. Nxb7 Bb6 22. Rd1 Rab8 23. Nd6 Rhd8 24. Nc4 Rxd1+ 25. Kxd1 Bxf2 26. Ke2 Bb6 27. Nxb6 Rxb6 28. b3 Rb5 29. Rh4 Rg5 30. Kf3 Rf5+ 31. Ke3 Re5+ 32. Kf3 Rf5+ 33. Ke3 Re5+ 34. Kf3 Rf5+ 35. Ke4 1/2-1/2

[Event "RUS-ch Blitz Men 2018"]
[Site "Sochi"]
[Date "2018.10.07"]
[Round "12"]
[White "Savchenko, Boris"]
[Black "Oparin, Grigoriy"]
[Result "0-1"]
[WhiteElo "2562"]
[BlackElo "2624"]
[Annotator "ChessBase"]
[PlyCount "88"]
[EventDate "2018.10.07"]
[EventType "swiss"]
[EventCountry "RUS"]
[SourceTitle "playchess.com"]
[Source "ChessBase"]
[SourceQuality "1"]

1. e4 c6 2. d4 d5 3. Nc3 dxe4 4. Nxe4 Nf6 5. Nxf6+ exf6 6. c3 Bd6 7. Bd3 O-O 8. Qc2 Re8+ 9. Ne2 h5 10. Be3 Nd7 11. O-O-O Nf8 12. c4 Be6 13. Kb1 Rc8 14. Nc3 b5 15. c5 Bc7 16. Be4 b4 17. Ne2 Bd5 18. Bf5 Rb8 19. b3 a5 20. Nf4 Bxf4 21. Bxf4 Ra8 22. f3 a4 23. bxa4 Re7 24. Be4 Rea7 25. Bd6 Ne6 26. Bxd5 cxd5 27. Rhe1 Rxa4 28. Rd3 b3 29. Qxb3 Qa5 30. Rxe6 fxe6 31. a3 Rxa3 32. Qxa3 Qxa3 33. Rxa3 Rxa3 34. c6 Ra6 35. c7 Rc6 36. Kb2 Kf7 37. Kb3 Ke8 38. g4 h4 39. h3 Kd7 40. Bf8 g6 41. Bg7 Ke7 42. g5 Rxc7 43. Bxf6+ Kd7 44. Be5 Rc1 0-1

[Event "RUS-ch Blitz Men 2018"]
[Site "Sochi"]
[Date "2018.10.07"]
[Round "12"]
[White "Sviridov, Valery"]
[Black "Yuffa, Daniil"]
[Result "1/2-1/2"]
[WhiteElo "2551"]
[BlackElo "2563"]
[Annotator "TA"]
[PlyCount "100"]
[EventDate "2018.10.07"]
[EventType "swiss"]
[EventCountry "RUS"]
[SourceTitle "playchess.com"]
[Source "ChessBase"]
[SourceQuality "1"]

1. Nf3 Nf6 2. g3 g6 3. Bg2 Bg7 4. O-O O-O 5. c4 d6 6. Nc3 Nc6 7. d4 e5 8. dxe5 Nxe5 9. Nxe5 dxe5 10. Qxd8 Rxd8 11. Bg5 Rd4 12. b3 c6 13. Rfd1 Bf5 14. Be3 Rd7 15. Na4 Rad8 16. Rxd7 Rxd7 17. Nc5 Re7 18. Rd1 b6 19. Rd8+ Re8 20. Rxe8+ Nxe8 21. Bxc6 Nc7 22. Nd3 Be6 23. f4 exf4 24. Bxf4 Na6 25. Kf1 Bf8 26. Be3 Nb4 27. Nxb4 Bxb4 28. Bd4 h5 29. Kf2 Kf8 30. Ke3 Ke7 31. Kd3 Bd6 32. Bf3 Kd7 33. Kc3 h4 34. Bf2 h3 35. b4 Kc7 36. c5 bxc5 37. bxc5 Be5+ 38. Bd4 Bxd4+ 39. Kxd4 Bxa2 40. Be4 Be6 41. e3 a5 42. Kc3 Bd7 43. Bd5 f6 44. Be4 g5 45. Bd5 Bc6 46. Be6 Bd7 47. Bd5 Bc6 48. Be6 Bg2 49. Bf7 Bc6 50. Be6 Bd7 1/2-1/2

[Event "RUS-ch Blitz Men 2018"]
[Site "Sochi"]
[Date "2018.10.07"]
[Round "12"]
[White "Iljiushenok, Ilia"]
[Black "Fakhrutdinov, Timur"]
[Result "1-0"]
[WhiteElo "2539"]
[BlackElo "2472"]
[Annotator "ChessBase"]
[PlyCount "68"]
[EventDate "2018.10.07"]
[EventType "swiss"]
[EventCountry "RUS"]
[SourceTitle "playchess.com"]
[Source "ChessBase"]
[SourceQuality "1"]

1. Nf3 Nf6 2. g3 g6 3. Bg2 Bg7 4. b3 O-O 5. Bb2 c5 6. c4 Nc6 7. O-O d6 8. e3 Bf5 9. d4 d5 10. Nbd2 cxd4 11. Nxd4 Nxd4 12. Bxd4 Be6 13. Rc1 a6 14. Qc2 Rc8 15. Qb2 Qd7 16. Rfd1 Rfd8 17. Be5 Qe8 18. c5 Bg4 19. Re1 Bd7 20. b4 Bc6 21. Nb3 Nh5 22. Na5 Bxe5 23. Qxe5 Ng7 24. Red1 f6 25. Qc3 e5 26. Qb3 Qf7 27. a4 e4 28. b5 axb5 29. axb5 Be8 30. Bh3 f5 31. Bf1 g5 32. c6 bxc6 33. bxc6 f4 34. Nb7 fxe3 1-0

[Event "RUS-ch Blitz Men 2018"]
[Site "Sochi"]
[Date "2018.10.07"]
[Round "12"]
[White "Lobanov, Sergei"]
[Black "Truskavetsky, Alexandr"]
[Result "1-0"]
[WhiteElo "2539"]
[BlackElo "2393"]
[Annotator "ChessBase"]
[PlyCount "59"]
[EventDate "2018.10.07"]
[EventType "swiss"]
[EventCountry "RUS"]
[SourceTitle "playchess.com"]
[Source "ChessBase"]
[SourceQuality "1"]

1. e4 c6 2. d4 d5 3. e5 c5 4. dxc5 e6 5. a3 Bxc5 6. b4 Bb6 7. Qg4 Kf8 8. Bb2 Nh6 9. Qh5 Nc6 10. Nf3 a5 11. b5 Ne7 12. Bd3 Nhf5 13. g4 g6 14. Qh3 Ng7 15. Qg2 h5 16. h3 Bd7 17. Nbd2 a4 18. Nd4 Ba5 19. f4 Qc7 20. O-O hxg4 21. hxg4 Bc3 22. Bxc3 Qxc3 23. N2f3 Rc8 24. Qf2 Ne8 25. Kg2 Kg7 26. Ng5 Nc7 27. Rae1 Qxa3 28. f5 gxf5 29. gxf5 exf5 30. Bxf5 1-0

[Event "RUS-ch Blitz Men 2018"]
[Site "Sochi"]
[Date "2018.10.07"]
[Round "12"]
[White "Sychev, Klementy"]
[Black "Antipov, Mikhail Al."]
[Result "0-1"]
[WhiteElo "2534"]
[BlackElo "2593"]
[Annotator "ChessBase"]
[PlyCount "72"]
[EventDate "2018.10.07"]
[EventType "swiss"]
[EventCountry "RUS"]
[SourceTitle "playchess.com"]
[Source "ChessBase"]
[SourceQuality "1"]

1. e4 e6 2. d4 d5 3. Nc3 Bb4 4. e5 Qd7 5. Qg4 Bf8 6. Nf3 Ne7 7. Bg5 b6 8. Bb5 c6 9. Be2 Ba6 10. O-O h6 11. Bxe7 Qxe7 12. a4 h5 13. Qg3 g6 14. a5 Bxe2 15. Nxe2 b5 16. Nf4 Na6 17. Ng5 Nc7 18. b3 Bh6 19. h4 O-O 20. Rfe1 Rfc8 21. Re3 Bxg5 22. hxg5 Ne8 23. Nd3 Ng7 24. Qf4 Nf5 25. Rf3 h4 26. Nc5 Kg7 27. b4 Rh8 28. Raa3 Rh5 29. Rac3 Rxg5 30. Nd3 Rc8 31. Qd2 Nxd4 32. Rf4 Nf5 33. Kf1 Rh8 34. Kg1 h3 35. g3 h2+ 36. Kh1 Rxg3 0-1

[Event "RUS-ch Blitz Men 2018"]
[Site "Sochi"]
[Date "2018.10.07"]
[Round "12"]
[White "Kezin, Roman"]
[Black "Chekhov, Sergei"]
[Result "1-0"]
[WhiteElo "2471"]
[BlackElo "2463"]
[Annotator "ChessBase"]
[PlyCount "109"]
[EventDate "2018.10.07"]
[EventType "swiss"]
[EventCountry "RUS"]
[SourceTitle "playchess.com"]
[Source "ChessBase"]
[SourceQuality "1"]

1. d4 Nf6 2. c4 e6 3. g3 c5 4. d5 exd5 5. cxd5 d6 6. Nc3 g6 7. Bg2 Bg7 8. Nf3 O-O 9. O-O Re8 10. Nd2 b6 11. a4 Nbd7 12. h3 h5 13. Nb5 Ba6 14. Nc4 Bxb5 15. axb5 Ne5 16. Qc2 Nxc4 17. Qxc4 Nd7 18. Ra6 Ne5 19. Qa4 Qc7 20. Bf4 c4 21. Rc1 h4 22. g4 Qd7 23. Bxe5 Bxe5 24. Rxc4 Qe7 25. Qc2 Qf6 26. b3 Re7 27. e3 Rae8 28. Rc7 Rxc7 29. Qxc7 Bc3 30. Qc4 Re7 31. Ra2 g5 32. Rc2 Be5 33. Qd3 Kg7 34. Be4 Bb2 35. Bf5 Be5 36. Rc8 Ba1 37. Qc2 Qe5 38. Qb1 Bc3 39. Qd3 Ba1 40. Qc4 Qb2 41. Qc2 Qe5 42. Qc4 Qb2 43. Bc2 Qe5 44. Qd3 f5 45. Qxf5 Qxf5 46. Bxf5 Be5 47. Be6 Bb2 48. Kg2 Be5 49. Kf3 Bb2 50. Ke4 Be5 51. Kf5 Kh6 52. f4 gxf4 53. exf4 Bb2 54. g5+ Kg7 55. Kg4 1-0

[Event "RUS-ch Blitz Men 2018"]
[Site "Sochi"]
[Date "2018.10.07"]
[Round "12"]
[White "Belyakov, Bogdan"]
[Black "Tekeyev, Zaur"]
[Result "1-0"]
[WhiteElo "2458"]
[BlackElo "2392"]
[Annotator "ChessBase"]
[PlyCount "78"]
[EventDate "2018.10.07"]
[EventType "swiss"]
[EventCountry "RUS"]
[SourceTitle "playchess.com"]
[Source "ChessBase"]
[SourceQuality "1"]

1. e4 c5 2. c3 e6 3. d4 d5 4. exd5 exd5 5. Nf3 Nc6 6. Bb5 Bd6 7. dxc5 Bxc5 8. O-O Nge7 9. h3 O-O 10. Nbd2 a6 11. Bd3 Ng6 12. Nb3 Bd6 13. Nbd4 Bc7 14. Re1 Qd6 15. Bc2 Bd7 16. Nf5 Bxf5 17. Bxf5 Rae8 18. Rxe8 Rxe8 19. Bxg6 hxg6 20. Be3 Ne5 21. Nxe5 Qxe5 22. g3 Qf5 23. Kg2 Qe4+ 24. Qf3 Qc2 25. b3 Qxc3 26. Rd1 Qc6 27. Rxd5 Qe6 28. Rd1 b5 29. Qb7 Re7 30. Qa8+ Kh7 31. Rd4 g5 32. Bxg5 f6 33. Be3 g5 34. Qd5 Qxd5+ 35. Rxd5 Kg7 36. g4 Kf7 37. Bc5 Re5 38. Rd7+ Ke6 39. Rxc7 Kd5 1-0